Možnosti štátnej regulácie cestovného ruchu v Slovenskej republike

Gespeichert in:
Bibliographische Detailangaben
1. Verfasser: Baláž, Vladimír
Format: Buch
Sprache:Slowakisch
Veröffentlicht: Bratislava Prognostický ústav SAV 1994
Ausgabe:1. vyd.
Schlagworte:
Tags: Tag hinzufügen
Keine Tags, Fügen Sie das erste Tag hinzu!

MARC

LEADER 00000nam a2200000 4500
001 c009461
005 20221214074542.7
041 0 |a slo 
044 |a SK 
245 1 0 |a Možnosti štátnej regulácie cestovného ruchu v Slovenskej republike  |c Vladimír Baláž 
250 |a 1. vyd. 
264 1 |a Bratislava  |b Prognostický ústav SAV  |c 1994 
300 |a 139 s. 
610 2 0 |a ruch cestovný 
610 2 0 |a regulácia štátna 
610 2 0 |a Slovensko 
100 1 |a Baláž, Vladimír